000
00243nam a2200109Ia 4500
008
190913s9999||||xx |||||||||||||| ||und||
100
_a
Kenneth.Laudon
245
0
_a
E-Commerce
260
_a
India
_b
Pearson
_c
2003
300
_a
327
942
_c
BK
999
_c
8341
_d
8341